Self-Titled Non-Debut Albums - Statistics

General Stats
  • This quiz has been taken 18 times
    9 since last reset
  • The average score is 6 of 15
Answer Stats
Order Example Song Artist/Album % Correct
2nd Space Oddity David Bowie
100%
5th Song 2 Blur
86%
2nd Your Song Elton John
71%
10th Rhiannon Fleetwood Mac
71%
9th Back in the U.S.S.R The Beatles
71%
2nd 25 or 6 to 4 Chicago
57%
5th Sad but True Metallica
43%
3rd Games Without Frontiers Peter Gabriel
29%
3rd Island in the Sun Weezer
29%
5th Confide in Me Kylie Minogue
14%
8th World Wide Suicide Pearl Jam
14%
3rd In My Blood Shaun Mendes
14%
3rd Pale Blue Eyes The Velvet Underground
14%
8th Blow Away George Harrison
0%
3rd No One to Depend On Santana
0%
No matching quizzes found
Score Distribution
Percent of People with Each Score
Percentile by Number Answered
Your Score History
You have not taken this quiz since the last reset